000 00276nam a2200121Ia 4500
008 190216s9999||||xx |||||||||||||| ||und||
100 _aVygodsky M
245 0 _aMathematical Handbook
250 _a1984th Ed.
260 _bMir Publishers
_c1984
300 _a872
942 _cBK
999 _c30925
_d30925